000
00335nam a2200121 a 4500
005
20140414132112.0
008
110520s19uu xx 00 eng d
050
_a
DVD
_b
J77
245
_a
Joseph in Egypt :
_b
Joseph's Reunion.
260
_b
Nest Entertainment.
440
_a
The Animated Stories from the Old Testament
999
_c
114782
_d
114782